[Event "Calvia Open Aficionados 2015"]
[Site "Calvia ESP"]
[Date "2015.10.13"]
[Round "4.4"]
[White "Hajenius, Willem"]
[Black "Fruebing, Thomas"]
[Result "1/2-1/2"]
[WhiteElo "1923"]
[BlackElo "2114"]
[PlyCount "45"]
[EventDate "2015.10.10"]
[EventType "swiss"]
[EventRounds "9"]
[EventCountry "ESP"]
[Source "lmi"]
[SourceDate "2015.10.10"]

1. d4 e6 2. c4 Bb4+ 3. Bd2 Qe7 4. Nf3 Nf6 5. a3 Bxd2+ 6. Nbxd2 d6 7. e4 e5 8.
d5 a5 9. g3 a4 10. Bg2 Nbd7 11. O-O Nc5 12. Qc2 O-O 13. Ne1 g6 14. Nd3 Nxd3 15.
Qxd3 Nd7 16. Rae1 f5 17. f4 Nc5 18. Qc3 fxe4 19. Nxe4 Nxe4 20. Bxe4 Qg7 21.
fxe5 Rxf1+ 22. Rxf1 Qxe5 23. Qxe5 1/2-1/2

[Event "Calvia Open Aficionados 2015"]
[Site "Calvia ESP"]
[Date "2015.10.13"]
[Round "4.5"]
[White "Melderis, Uldis"]
[Black "Galiana Salom, Juan Ramon"]
[Result "1-0"]
[WhiteElo "1987"]
[BlackElo "2226"]
[PlyCount "77"]
[EventDate "2015.10.10"]
[EventType "swiss"]
[EventRounds "9"]
[EventCountry "ESP"]
[Source "lmi"]
[SourceDate "2015.10.10"]

1. d4 Nf6 2. c4 c5 3. Nf3 cxd4 4. Nxd4 e5 5. Nf3 Bc5 6. e3 e4 7. Nd4 O-O 8. Be2
d5 9. cxd5 Qxd5 10. Nc3 Qg5 11. Kf1 Nc6 12. Nxc6 bxc6 13. Qa4 Re8 14. Qxc6 Bd7
15. Nxe4 Nxe4 16. Qxd7 Nxf2 17. Bc4 Kh8 18. Kxf2 Bxe3+ 19. Bxe3 Qxe3+ 20. Kf1
Qf4+ 21. Kg1 Qxc4 22. h4 Qc5+ 23. Kh2 Re7 24. Qg4 h5 25. Qf4 Rae8 26. Rac1 Qb6
27. Rc4 Qxb2 28. a4 Re2 29. Rg1 Rf2 30. Qg5 Qe2 31. Rgc1 Re5 32. Qg3 Re3 33.
Qg5 Qf3 34. Kg1 Qe2 35. R4c2 Qxc2 36. Rxc2 Rxc2 37. Qxe3 Rc7 38. a5 Kh7 39. a6
1-0

[Event "Calvia Open Aficionados 2015"]
[Site "Calvia ESP"]
[Date "2015.10.13"]
[Round "4.6"]
[White "Elishev, Ivan"]
[Black "Post, Maarten"]
[Result "0-1"]
[WhiteElo "2128"]
[BlackElo "1876"]
[PlyCount "88"]
[EventDate "2015.10.10"]
[EventType "swiss"]
[EventRounds "9"]
[EventCountry "ESP"]
[Source "lmi"]
[SourceDate "2015.10.10"]

1. e4 c5 2. Nf3 e6 3. c4 Nc6 4. d4 cxd4 5. Nxd4 Nf6 6. Nc3 d6 7. Be3 Be7 8. Be2
O-O 9. O-O a6 10. Rc1 Bd7 11. f3 Rc8 12. Qd2 Ne5 13. b3 Qc7 14. Rfd1 Rfd8 15.
Bf1 Be8 16. Qf2 Qb8 17. h3 Bf8 18. f4 Nc6 19. g4 d5 20. e5 Ne4 21. Nxe4 dxe4
22. Nxc6 Bxc6 23. Bb6 Rxd1 24. Rxd1 f6 25. Qd4 Be7 26. Bg2 f5 27. g5 Be8 28.
Bf1 Rc6 29. c5 Qc8 30. b4 Qa8 31. Bc4 Qc8 32. Bb3 Bh5 33. Rd2 Rxb6 34. cxb6
Qc1+ 35. Kh2 Bf3 36. Bxe6+ Kf8 37. Bxf5 Qh1+ 38. Kg3 h5 39. e6 Qe1+ 40. Qf2 Qc1
41. Rc2 h4+ 42. Kxh4 Qxf4+ 43. Bg4 Qxg5+ 44. Kg3 Bd6# 0-1

[Event "Calvia Open Aficionados 2015"]
[Site "Calvia ESP"]
[Date "2015.10.13"]
[Round "4.8"]
[White "Spence, David J"]
[Black "Lazarte Anello, David Emiliano"]
[Result "0-1"]
[WhiteElo "2224"]
[BlackElo "1965"]
[PlyCount "61"]
[EventDate "2015.10.10"]
[EventType "swiss"]
[EventRounds "9"]
[EventCountry "ESP"]
[Source "lmi"]
[SourceDate "2015.10.10"]

1. e4 c5 2. c3 d5 3. exd5 Qxd5 4. d4 Nf6 5. Nf3 Nc6 6. dxc5 Qxd1+ 7. Kxd1 Bf5
8. Bb5 e6 9. b4 g6 10. Ke2 Bg7 11. Nd4 Be4 12. f3 Bd5 13. Bb2 a6 14. Bxc6+ Bxc6
15. c4 Bd7 16. Nb3 O-O 17. N1d2 e5 18. Na5 Nh5 19. g3 e4 20. Bxg7 exf3+ 21.
Kxf3 Kxg7 22. Rhe1 Nf6 23. Ne4 Nxe4 24. Rxe4 Bc6 25. Nxc6 bxc6 26. Rb1 Rfd8 27.
Ke3 Rd7 28. Rd4 Re8+ 29. Kd3 Rde7 30. Kc3 Re2 31. a4 0-1

[Event "Calvia Open Aficionados 2015"]
[Site "Calvia ESP"]
[Date "2015.10.13"]
[Round "4.9"]
[White "Tscharotschkin, Michael"]
[Black "Jouanneaud, Jean Daniel"]
[Result "1-0"]
[WhiteElo "2181"]
[BlackElo "1942"]
[PlyCount "59"]
[EventDate "2015.10.10"]
[EventType "swiss"]
[EventRounds "9"]
[EventCountry "ESP"]
[Source "lmi"]
[SourceDate "2015.10.10"]

1. e4 d5 2. exd5 Nf6 3. d4 Bg4 4. Nf3 Qxd5 5. Be2 e6 6. h3 Bh5 7. O-O c6 8. c4
Qd6 9. Nc3 Be7 10. g3 Qc7 11. Bf4 Bd6 12. Ne5 Bxe2 13. Qxe2 Qe7 14. Rfe1 O-O
15. Qe3 c5 16. dxc5 Bxc5 17. Qf3 Nbd7 18. Bg5 Qd6 19. Nxd7 Nxd7 20. Rad1 Qc7
21. Ne4 f6 22. Rxd7 Qxd7 23. Nxc5 Qe7 24. Be3 Rac8 25. b3 Rxc5 26. Bxc5 Qxc5
27. Rxe6 b6 28. Qb7 Qg5 29. Qxa7 Rd8 30. Qxb6 1-0

[Event "Calvia Open Aficionados 2015"]
[Site "Calvia ESP"]
[Date "2015.10.13"]
[Round "4.10"]
[White "Galiana Moll, Ramon Aron"]
[Black "Ballesteros Gonzalez, David"]
[Result "1/2-1/2"]
[WhiteElo "1961"]
[BlackElo "2157"]
[PlyCount "76"]
[EventDate "2015.10.10"]
[EventType "swiss"]
[EventRounds "9"]
[EventCountry "ESP"]
[Source "lmi"]
[SourceDate "2015.10.10"]

1. e4 c5 2. Nf3 Nc6 3. d4 cxd4 4. Nxd4 d6 5. Nc3 Nf6 6. Nb3 g6 7. Be2 Bg7 8.
O-O O-O 9. Re1 a5 10. a4 Be6 11. Bf1 Rc8 12. Nd5 Bxd5 13. exd5 Nb4 14. c4 Nd7
15. Bg5 Re8 16. Qd2 Nc5 17. Nxc5 dxc5 18. Re4 Qd7 19. Rae1 e6 20. dxe6 Qxd2 21.
exf7+ Kxf7 22. Bxd2 Bxb2 23. Rxe8 Rxe8 24. Rxe8 Kxe8 25. g3 Ke7 26. Bf4 Bc3 27.
Bg2 Nd3 28. Bxb7 Nb2 29. Bc6 Nxc4 30. Kf1 Be5 31. Bb5 Bxf4 32. Bxc4 Be5 33. Ke2
Bd4 34. f4 h6 35. Kf3 Kf6 36. g4 g5 37. h3 Bg1 38. Ke4 Bd4 1/2-1/2

[Event "Calvia Open Aficionados 2015"]
[Site "Calvia ESP"]
[Date "2015.10.13"]
[Round "4.11"]
[White "Gavrish, Leonid"]
[Black "Beltran Ortiz, Edda Georgina"]
[Result "1/2-1/2"]
[WhiteElo "2151"]
[BlackElo "1927"]
[PlyCount "49"]
[EventDate "2015.10.10"]
[EventType "swiss"]
[EventRounds "9"]
[EventCountry "ESP"]
[Source "lmi"]
[SourceDate "2015.10.10"]

1. d4 c5 2. d5 Nf6 3. c4 b5 4. cxb5 a6 5. bxa6 Bxa6 6. Nc3 g6 7. f4 d6 8. Nf3
Bg7 9. e4 Bxf1 10. Rxf1 O-O 11. e5 dxe5 12. fxe5 Ng4 13. Qe2 Na6 14. h3 Nh6 15.
g4 Nb4 16. Be3 Nxd5 17. Rd1 Nxc3 18. bxc3 Qa5 19. Qd2 Rfd8 20. Qc1 Rxd1+ 21.
Kxd1 Qb5 22. Rf2 Qd3+ 23. Qd2 Qb1+ 24. Qc1 Qd3+ 25. Qd2 1/2-1/2

[Event "Calvia Open Aficionados 2015"]
[Site "Calvia ESP"]
[Date "2015.10.13"]
[Round "4.12"]
[White "Delaere, Koen"]
[Black "Cip, Dalibor"]
[Result "0-1"]
[WhiteElo "1959"]
[BlackElo "2146"]
[PlyCount "78"]
[EventDate "2015.10.10"]
[EventType "swiss"]
[EventRounds "9"]
[EventCountry "ESP"]
[Source "lmi"]
[SourceDate "2015.10.10"]

1. d4 Nf6 2. c4 e6 3. Nf3 c5 4. d5 exd5 5. cxd5 d6 6. Nc3 g6 7. e4 Bg7 8. h3
O-O 9. Bd3 b5 10. O-O b4 11. Ne2 Re8 12. Nd2 Nbd7 13. f3 Ne5 14. Qc2 Nxd3 15.
Qxd3 a5 16. Rb1 Ba6 17. Nc4 Nd7 18. Qc2 Nb6 19. Nxa5 Nxd5 20. Nc4 Bxc4 21. Qxc4
Nb6 22. Qb3 d5 23. Rd1 Qe7 24. Be3 d4 25. Nxd4 cxd4 26. Bxd4 Bxd4+ 27. Rxd4 Nd7
28. Qxb4 Qxb4 29. Rxb4 Rxa2 30. Rd1 Nc5 31. Rd5 Ne6 32. Rdb5 Raa8 33. h4 h5 34.
Kh2 Rec8 35. Kh3 Kg7 36. g4 Rc2 37. Kg3 Ra1 38. e5 Rg1+ 39. Kh3 Rgg2 0-1

[Event "Calvia Open Aficionados 2015"]
[Site "Calvia ESP"]
[Date "2015.10.13"]
[Round "4.13"]
[White "Smirnov, Aleksander"]
[Black "Hill, Luke"]
[Result "1-0"]
[WhiteElo "2145"]
[BlackElo "1921"]
[PlyCount "57"]
[EventDate "2015.10.10"]
[EventType "swiss"]
[EventRounds "9"]
[EventCountry "ESP"]
[Source "lmi"]
[SourceDate "2015.10.10"]

1. e4 d5 2. Nc3 Nf6 3. exd5 Nxd5 4. Bc4 Nb6 5. Bb5+ Bd7 6. Be2 Nc6 7. a4 a5 8.
Nf3 e5 9. O-O Be7 10. Bb5 Nd4 11. Nxe5 Bxb5 12. axb5 O-O 13. Nf3 Qd7 14. Nxd4
Qxd4 15. Qf3 Bd6 16. d3 Rfe8 17. Bd2 Nd7 18. Qxb7 Rab8 19. Qf3 Re6 20. Rxa5
Rbe8 21. Ra8 Qh4 22. Rxe8+ Rxe8 23. g3 Ne5 24. Qe2 Qh3 25. f4 Ng4 26. Qxe8+ Bf8
27. Qe2 Bc5+ 28. Kh1 Nxh2 29. Qg2 1-0

[Event "Calvia Open Aficionados 2015"]
[Site "Calvia ESP"]
[Date "2015.10.13"]
[Round "4.15"]
[White "Haddad Filho, Paulo Ibrahim"]
[Black "Van 't Hof, Eric"]
[Result "1/2-1/2"]
[WhiteElo "1910"]
[BlackElo "2125"]
[PlyCount "64"]
[EventDate "2015.10.10"]
[EventType "swiss"]
[EventRounds "9"]
[EventCountry "ESP"]
[Source "lmi"]
[SourceDate "2015.10.10"]

1. d4 e6 2. Nf3 Nf6 3. Bg5 d5 4. Nbd2 Be7 5. e3 Nbd7 6. Bd3 h6 7. Bh4 b6 8. Qe2
Bb7 9. c3 Ne4 10. Bg3 h5 11. h3 Nxg3 12. fxg3 Bd6 13. O-O-O f5 14. g4 Qf6 15.
gxh5 O-O-O 16. g4 Rdg8 17. Rdf1 c5 18. Rhg1 Qe7 19. gxf5 e5 20. dxe5 Nxe5 21.
Nxe5 Bxe5 22. Rg6 Bf6 23. Rfg1 Re8 24. Bb5 Rd8 25. Nf1 c4 26. Nd2 Qe5 27. Ba4
Qxf5 28. Bd1 Kb8 29. Qg4 Qe5 30. Qf4 Rde8 31. Nf3 Qc7 32. h6 Rxh6 1/2-1/2

[Event "Calvia Open Aficionados 2015"]
[Site "Calvia ESP"]
[Date "2015.10.13"]
[Round "4.17"]
[White "Guski, Dietmar"]
[Black "Andreu Lopez, Santiago"]
[Result "1-0"]
[WhiteElo "2046"]
[BlackElo "1903"]
[PlyCount "39"]
[EventDate "2015.10.10"]
[EventType "swiss"]
[EventRounds "9"]
[EventCountry "ESP"]
[Source "lmi"]
[SourceDate "2015.10.10"]

1. e4 c5 2. Nf3 e6 3. d4 cxd4 4. Nxd4 a6 5. c4 Nf6 6. Nc3 Bb4 7. Qc2 Nc6 8.
Nxc6 dxc6 9. Bd3 h6 10. O-O O-O 11. e5 Ng4 12. Bf4 f6 13. Rad1 Qc7 14. Qe2 fxe5
15. Bg3 Bxc3 16. Qxg4 Bb4 17. Qg6 Rf6 18. Qh7+ Kf8 19. Bh4 Rf4 20. Bg6 1-0

[Event "Calvia Open Aficionados 2015"]
[Site "Calvia ESP"]
[Date "2015.10.13"]
[Round "4.18"]
[White "Schweighofer, Josef"]
[Black "Sahelices Casado, Roberto"]
[Result "0-1"]
[WhiteElo "1863"]
[BlackElo "2039"]
[PlyCount "44"]
[EventDate "2015.10.10"]
[EventType "swiss"]
[EventRounds "9"]
[EventCountry "ESP"]
[Source "lmi"]
[SourceDate "2015.10.10"]

1. d4 Nf6 2. c4 g6 3. Nc3 d5 4. Nf3 Bg7 5. Qb3 dxc4 6. Qxc4 O-O 7. e4 Nc6 8.
Be2 Bg4 9. Be3 Bxf3 10. Bxf3 e5 11. d5 Nd4 12. Bd1 c6 13. dxc6 Rc8 14. O-O Rxc6
15. Qb4 b5 16. Bxd4 exd4 17. Nxb5 Qb6 18. Qa4 Nxe4 19. Bf3 Re8 20. Rfe1 f5 21.
Rad1 d3 22. Rxd3 Qxf2+ 0-1

[Event "Calvia Open Aficionados 2015"]
[Site "Calvia ESP"]
[Date "2015.10.13"]
[Round "4.22"]
[White "Frey, Armin"]
[Black "Moreno Mateos, Jose Luis"]
[Result "1-0"]
[WhiteElo "1967"]
[BlackElo "1855"]
[PlyCount "43"]
[EventDate "2015.10.10"]
[EventType "swiss"]
[EventRounds "9"]
[EventCountry "ESP"]
[Source "lmi"]
[SourceDate "2015.10.10"]

1. f4 e5 2. e4 c6 3. Nf3 exf4 4. d4 d5 5. exd5 Qa5+ 6. Bd2 Bb4 7. c3 Bd6 8. Bc4
cxd5 9. b4 Qc7 10. Bxd5 Nf6 11. Qe2+ Be7 12. Bb3 O-O 13. O-O Bg4 14. Qd3 Nc6
15. Ng5 Bd6 16. Na3 f3 17. h3 Bh2+ 18. Kh1 Qg3 19. Nxf3 Rae8 20. Bc2 Bxh3 21.
gxh3 Qxh3 22. Nxh2 1-0

[Event "Calvia Open Aficionados 2015"]
[Site "Calvia ESP"]
[Date "2015.10.13"]
[Round "4.26"]
[White "Boix Pons, Catalina"]
[Black "Lacrosse, Marc"]
[Result "0-1"]
[WhiteElo "1813"]
[BlackElo "2141"]
[PlyCount "44"]
[EventDate "2015.10.10"]
[EventType "swiss"]
[EventRounds "9"]
[EventCountry "ESP"]
[Source "lmi"]
[SourceDate "2015.10.10"]

1. d4 d5 2. Nf3 Nf6 3. Bf4 c5 4. e3 Nc6 5. c3 Qb6 6. Qb3 c4 7. Qxb6 axb6 8. Na3
Bf5 9. Nb5 Ra5 10. Na3 e6 11. Nb1 Bxb1 12. Rxb1 Rxa2 13. Be2 Be7 14. h3 O-O 15.
O-O Rfa8 16. Rfe1 b5 17. Nd2 b4 18. Red1 b5 19. f3 bxc3 20. bxc3 b4 21. cxb4
Bxb4 22. e4 Nxd4 0-1

[Event "Calvia Open Aficionados 2015"]
[Site "Calvia ESP"]
[Date "2015.10.13"]
[Round "4.38"]
[White "Orsario, Wolfgang"]
[Black "Molet, Asher"]
[Result "1/2-1/2"]
[WhiteElo "1798"]
[BlackElo "1665"]
[PlyCount "44"]
[EventDate "2015.10.10"]
[EventType "swiss"]
[EventRounds "9"]
[EventCountry "ESP"]
[Source "lmi"]
[SourceDate "2015.10.10"]

1. Nf3 d5 2. c4 e6 3. g3 Nf6 4. Bg2 Be7 5. Qc2 O-O 6. O-O Nbd7 7. d4 c6 8. Bg5
b6 9. Nbd2 Bb7 10. cxd5 cxd5 11. Rfe1 Rc8 12. Qb3 Qc7 13. Rac1 Qb8 14. Qd3 Rxc1
15. Rxc1 Rc8 16. Nb3 Rxc1+ 17. Nxc1 Qc8 18. Qd1 h6 19. Bf4 Nh5 20. Bd2 Nhf6 21.
Bf4 Nh5 22. Bd2 Nhf6 1/2-1/2

[Event "Calvia Open Aficionados 2015"]
[Site "Calvia ESP"]
[Date "2015.10.13"]
[Round "4.39"]
[White "Burg, Henk"]
[Black "Ferrer Mygina, Juan"]
[Result "1/2-1/2"]
[WhiteElo "1795"]
[BlackElo "1576"]
[PlyCount "67"]
[EventDate "2015.10.10"]
[EventType "swiss"]
[EventRounds "9"]
[EventCountry "ESP"]
[Source "lmi"]
[SourceDate "2015.10.10"]

1. e4 c5 2. Nf3 e6 3. d4 cxd4 4. Nxd4 Nf6 5. Nc3 Bb4 6. Bd3 Nc6 7. Nxc6 bxc6 8.
O-O d5 9. exd5 cxd5 10. Bd2 O-O 11. a3 Be7 12. Qe2 Bd7 13. Nb5 Bxb5 14. Bxb5
Qc7 15. c3 Ne4 16. Be3 Bc5 17. Bd3 Bxe3 18. Qxe3 Qc5 19. Bxe4 Qxe3 20. Bxh7+
Kxh7 21. fxe3 Rab8 22. Rab1 Rb3 23. Rf4 a5 24. Kf2 Kg8 25. Ra4 Rfb8 26. Rxa5
Rxb2+ 27. Rxb2 Rxb2+ 28. Kf3 Rb3 29. Ra8+ Kh7 30. c4 dxc4 31. Rc8 c3 32. a4 Ra3
33. a5 Rxa5 34. Rxc3 1/2-1/2

[Event "Calvia Open Aficionados 2015"]
[Site "Calvia ESP"]
[Date "2015.10.13"]
[Round "4.40"]
[White "Andersen, Claus Nis"]
[Black "Moya Gual De Torrella, Loren"]
[Result "1-0"]
[WhiteElo "1778"]
[BlackElo "1340"]
[PlyCount "53"]
[EventDate "2015.10.10"]
[EventType "swiss"]
[EventRounds "9"]
[EventCountry "ESP"]
[Source "lmi"]
[SourceDate "2015.10.10"]

1. d4 d5 2. c4 e5 3. dxe5 d4 4. Nf3 Nc6 5. g3 Bc5 6. Bg2 Nge7 7. O-O Ng6 8. a3
a5 9. b3 h6 10. Bb2 O-O 11. Nbd2 Bf5 12. h3 Ngxe5 13. Nxe5 Nxe5 14. g4 Bg6 15.
Ne4 f5 16. Nxc5 fxg4 17. Qxd4 Qxd4 18. Bxd4 gxh3 19. Bd5+ Nf7 20. Ne6 Rfd8 21.
Nxd8 Rxd8 22. Bxf7+ Kxf7 23. Be3 Bc2 24. b4 a4 25. Rfc1 Bb3 26. c5 Rd5 27. Kh2
1-0

[Event "Calvia Open Aficionados 2015"]
[Site "Calvia ESP"]
[Date "2015.10.13"]
[Round "4.41"]
[White "Febrero Perez, Lluis"]
[Black "Breed, Greg J"]
[Result "0-1"]
[WhiteElo "1525"]
[BlackElo "1755"]
[PlyCount "50"]
[EventDate "2015.10.10"]
[EventType "swiss"]
[EventRounds "9"]
[EventCountry "ESP"]
[Source "lmi"]
[SourceDate "2015.10.10"]

1. e4 c5 2. Nf3 Nc6 3. d4 cxd4 4. Nxd4 e5 5. Nxc6 bxc6 6. c4 Bb4+ 7. Bd2 Bxd2+
8. Nxd2 Nf6 9. Be2 d5 10. cxd5 cxd5 11. exd5 O-O 12. O-O Rb8 13. Nc4 Ba6 14. b3
Nxd5 15. Nxe5 Nc3 16. Qxd8 Nxe2+ 17. Kh1 Rbxd8 18. Nc6 Rd6 19. Ne7+ Kh8 20.
Rfe1 g6 21. Rad1 Rfd8 22. Rxd6 Rxd6 23. h3 Kg7 24. Kh2 Kf8 25. Nc8 Rc6 0-1

[Event "Calvia Open Aficionados 2015"]
[Site "Calvia ESP"]
[Date "2015.10.14"]
[Round "5.1"]
[White "Blanco Gutierrez, Pedro"]
[Black "Ustianovich, Nazar"]
[Result "0-1"]
[WhiteElo "2099"]
[BlackElo "2268"]
[PlyCount "96"]
[EventDate "2015.10.10"]
[EventType "swiss"]
[EventRounds "9"]
[EventCountry "ESP"]
[Source "lmi"]
[SourceDate "2015.10.10"]

1. d4 Nf6 2. Nf3 e6 3. Bf4 c5 4. e3 b6 5. Nbd2 Bb7 6. c3 cxd4 7. exd4 d6 8. Bd3
Be7 9. Qe2 O-O 10. O-O a6 11. a4 Nbd7 12. h3 Qc7 13. Rfe1 Rfe8 14. Bh2 Bf8 15.
Nc4 Bc6 16. Ne3 Qb7 17. c4 d5 18. b3 dxc4 19. bxc4 Bxf3 20. Qxf3 Qxf3 21. gxf3
e5 22. d5 a5 23. Ng4 Bd6 24. Nxf6+ Nxf6 25. Rab1 Rab8 26. Re2 Nd7 27. c5 Nxc5
28. Bb5 Re7 29. Bg3 Kf8 30. Reb2 Rd8 31. Rd1 g5 32. h4 h6 33. Bc6 Bc7 34. Kg2
Rd6 35. Re2 f6 36. Bb5 Rd8 37. Red2 Bd6 38. hxg5 hxg5 39. Rh1 Kg7 40. Rdd1 Rb7
41. Rh5 Rbb8 42. Bh2 Rh8 43. Rxh8 Rxh8 44. Bg1 Rh4 45. Ra1 Kf7 46. Kf1 Nb3 47.
Ra2 Ke7 48. Bd3 Nc1 0-1

[Event "Calvia Open Aficionados 2015"]
[Site "Calvia ESP"]
[Date "2015.10.14"]
[Round "5.2"]
[White "Gromovs, Sergejs"]
[Black "Hajenius, Willem"]
[Result "1-0"]
[WhiteElo "2196"]
[BlackElo "1923"]
[PlyCount "27"]
[EventDate "2015.10.10"]
[EventType "swiss"]
[EventRounds "9"]
[EventCountry "ESP"]
[Source "lmi"]
[SourceDate "2015.10.10"]

1. d4 f5 2. e4 fxe4 3. Nc3 Nf6 4. Bg5 Nc6 5. d5 Ne5 6. Qd4 Nf7 7. h4 c6 8.
O-O-O Qb6 9. Qd2 cxd5 10. Nxd5 Nxd5 11. Qxd5 Qc6 12. Qb3 e6 13. Bb5 Qc7 14.
Qxe6+ 1-0

[Event "Calvia Open Aficionados 2015"]
[Site "Calvia ESP"]
[Date "2015.10.14"]
[Round "5.3"]
[White "Post, Maarten"]
[Black "Melderis, Uldis"]
[Result "0-1"]
[WhiteElo "1876"]
[BlackElo "1987"]
[PlyCount "120"]
[EventDate "2015.10.10"]
[EventType "swiss"]
[EventRounds "9"]
[EventCountry "ESP"]
[Source "lmi"]
[SourceDate "2015.10.10"]

1. e4 g6 2. d4 c5 3. Nf3 Bg7 4. Nc3 a6 5. Be3 Qa5 6. Qd2 d6 7. h3 cxd4 8. Nxd4
Nf6 9. Be2 Nc6 10. Nb3 Qc7 11. f4 b5 12. Bf3 Bb7 13. a3 Rc8 14. O-O O-O 15. g4
Rfe8 16. g5 Nd7 17. Nd5 Qd8 18. c3 e6 19. Nb4 Nb6 20. Qe2 Nc4 21. Bf2 e5 22.
Bg4 Rb8 23. Nd5 exf4 24. Bh4 Nd4 25. Nxd4 Bxd5 26. Rxf4 Be5 27. Rf2 Bxe4 28.
Qf1 Ne3 29. Qe2 Nxg4 30. Qxg4 Qc8 31. Qxc8 Rbxc8 32. Re1 d5 33. Ref1 Re7 34.
Nf3 Bf4 35. Re2 Rec7 36. Ne1 Bd6 37. Rf6 Rc6 38. Bf2 Be7 39. Rxc6 Rxc6 40. h4
a5 41. Nc2 Rc8 42. Nd4 b4 43. axb4 axb4 44. cxb4 Bxb4 45. Nb3 Bc2 46. Nd4 Bd3
47. Re3 Rc1+ 48. Kg2 Be4+ 49. Kh3 Kg7 50. Rb3 Rc4 51. Ne2 f5 52. gxf6+ Kxf6 53.
Bd4+ Ke6 54. Kg4 Kd6 55. Kg5 h5 56. Be3 Bc2 57. Bf4+ Rxf4 58. Nxf4 Bxb3 59.
Nxg6 Bd1 60. Nf4 Bd2 0-1

[Event "Calvia Open Aficionados 2015"]
[Site "Calvia ESP"]
[Date "2015.10.14"]
[Round "5.4"]
[White "Kultiyasov, Mikhail"]
[Black "Olhovik, Andrei"]
[Result "1/2-1/2"]
[WhiteElo "2280"]
[BlackElo "2285"]
[PlyCount "41"]
[EventDate "2015.10.10"]
[EventType "swiss"]
[EventRounds "9"]
[EventCountry "ESP"]
[Source "lmi"]
[SourceDate "2015.10.10"]

1. d4 d5 2. c4 c6 3. cxd5 cxd5 4. Nf3 Nf6 5. Nc3 Nc6 6. Bf4 a6 7. e3 e6 8. Bd3
Be7 9. O-O O-O 10. Rc1 Bd7 11. a3 Qa5 12. Qd2 Rfc8 13. Ne2 Qxd2 14. Nxd2 Nh5
15. Rc2 Nxf4 16. Nxf4 Na5 17. Rfc1 Rxc2 18. Rxc2 Rc8 19. Rxc8+ Bxc8 20. b4 Nc6
21. Nb3 1/2-1/2

[Event "Calvia Open Aficionados 2015"]
[Site "Calvia ESP"]
[Date "2015.10.14"]
[Round "5.5"]
[White "Sahelices Casado, Roberto"]
[Black "Tscharotschkin, Michael"]
[Result "1-0"]
[WhiteElo "2039"]
[BlackElo "2181"]
[PlyCount "75"]
[EventDate "2015.10.10"]
[EventType "swiss"]
[EventRounds "9"]
[EventCountry "ESP"]
[Source "lmi"]
[SourceDate "2015.10.10"]

1. d4 d5 2. c4 e6 3. g3 c6 4. Nf3 Bd6 5. Bg2 f5 6. O-O Nf6 7. b3 Qe7 8. Bb2 O-O
9. Qc1 a5 10. Ba3 Bb4 11. Bxb4 axb4 12. Nbd2 Nbd7 13. Qb2 b6 14. Ne5 Nxe5 15.
dxe5 Nd7 16. Rfc1 Bb7 17. Nf3 c5 18. Ne1 f4 19. Nd3 fxg3 20. hxg3 Rae8 21. a3
bxa3 22. Rxa3 dxc4 23. bxc4 Bxg2 24. Kxg2 Ra8 25. Rca1 Rxa3 26. Rxa3 Rb8 27.
Ra7 b5 28. cxb5 c4 29. Qd4 cxd3 30. Rxd7 dxe2 31. Rxe7 e1=Q 32. Rxe6 h5 33. Re7
Qe2 34. b6 Rf8 35. e6 Rf6 36. b7 Qb5 37. Rd7 Qc6+ 38. Qd5 1-0

[Event "Calvia Open Aficionados 2015"]
[Site "Calvia ESP"]
[Date "2015.10.14"]
[Round "5.6"]
[White "Cip, Dalibor"]
[Black "Maloberti, David"]
[Result "1-0"]
[WhiteElo "2146"]
[BlackElo "1975"]
[PlyCount "77"]
[EventDate "2015.10.10"]
[EventType "swiss"]
[EventRounds "9"]
[EventCountry "ESP"]
[Source "lmi"]
[SourceDate "2015.10.10"]

1. Nf3 Nf6 2. c4 g6 3. g3 Bg7 4. Bg2 O-O 5. O-O d6 6. Nc3 e5 7. d3 Nc6 8. Rb1
Bf5 9. e4 Bd7 10. b4 Qc8 11. b5 Nd8 12. a4 Bh3 13. Nd5 Nxd5 14. cxd5 Bxg2 15.
Kxg2 c5 16. dxc6 bxc6 17. Ba3 c5 18. Nd2 f5 19. Qb3+ Kh8 20. Qd5 Nf7 21. Nc4 f4
22. f3 Qd8 23. a5 Qf6 24. gxf4 Qxf4 25. Bc1 Qh4 26. Nxd6 Nxd6 27. Qxd6 Rad8 28.
Qxc5 Rxd3 29. Be3 g5 30. h3 Rf4 31. Bxf4 gxf4 32. Qc8+ Rd8 33. Qg4 Rd2+ 34. Kg1
Qd8 35. b6 axb6 36. axb6 Qb8 37. Rfc1 Rd8 38. Rc2 Bf6 39. Rg2 1-0

[Event "Calvia Open Aficionados 2015"]
[Site "Calvia ESP"]
[Date "2015.10.14"]
[Round "5.7"]
[White "Lazarte Anello, David Emiliano"]
[Black "Smirnov, Aleksander"]
[Result "0-1"]
[WhiteElo "1965"]
[BlackElo "2145"]
[PlyCount "62"]
[EventDate "2015.10.10"]
[EventType "swiss"]
[EventRounds "9"]
[EventCountry "ESP"]
[Source "lmi"]
[SourceDate "2015.10.10"]

1. e4 c5 2. Nf3 Nc6 3. d4 cxd4 4. Nxd4 e5 5. Nb5 d6 6. N1c3 a6 7. Na3 Be7 8. g3
Be6 9. Bg2 Nf6 10. O-O Nb4 11. f4 exf4 12. gxf4 h5 13. f5 Qb6+ 14. Kh1 Bd7 15.
Nc4 Qc5 16. Ne3 Ng4 17. Nxg4 hxg4 18. a3 g3 19. h3 Nc6 20. Nd5 Ne5 21. Be3 Qc6
22. c4 Bd8 23. Rc1 g5 24. fxg6 fxg6 25. Bd4 Bxh3 26. Bxe5 dxe5 27. Bxh3 Qe6 28.
Rf5 gxf5 29. Kg2 Qh6 30. Qh1 Qd2+ 31. Kf3 Qf2# 0-1

[Event "Calvia Open Aficionados 2015"]
[Site "Calvia ESP"]
[Date "2015.10.14"]
[Round "5.8"]
[White "Fruebing, Thomas"]
[Black "Frey, Armin"]
[Result "1-0"]
[WhiteElo "2114"]
[BlackElo "1967"]
[PlyCount "57"]
[EventDate "2015.10.10"]
[EventType "swiss"]
[EventRounds "9"]
[EventCountry "ESP"]
[Source "lmi"]
[SourceDate "2015.10.10"]

1. e4 c5 2. Nf3 Nc6 3. Bb5 a6 4. Bxc6 dxc6 5. b3 Bg4 6. Bb2 Nf6 7. Qe2 e6 8. h3
Bh5 9. d3 Nd7 10. a4 Qc7 11. Nbd2 f6 12. g4 Bf7 13. a5 Be7 14. e5 O-O-O 15. Nc4
Rhf8 16. Qe3 h6 17. O-O-O f5 18. Nfd2 fxg4 19. hxg4 Bg6 20. f4 Kb8 21. Bc3 Ka8
22. Kb2 b5 23. axb6 Nxb6 24. Nxb6+ Qxb6 25. Ra1 Rd7 26. Nc4 Qa7 27. Ra4 Rb8 28.
Rha1 Kb7 29. Na5+ 1-0

[Event "Calvia Open Aficionados 2015"]
[Site "Calvia ESP"]
[Date "2015.10.14"]
[Round "5.9"]
[White "Hoenick, Andreas"]
[Black "Dijon, Frederic"]
[Result "1-0"]
[WhiteElo "2097"]
[BlackElo "1965"]
[PlyCount "50"]
[EventDate "2015.10.10"]
[EventType "swiss"]
[EventRounds "9"]
[EventCountry "ESP"]
[Source "lmi"]
[SourceDate "2015.10.10"]

1. d4 f5 2. Nf3 Nf6 3. g3 e6 4. Bg2 d6 5. O-O Be7 6. c4 O-O 7. Nc3 Ne4 8. Nxe4
fxe4 9. Nd2 d5 10. f3 dxc4 11. Nxe4 b5 12. f4 c6 13. a4 b4 14. Be3 Nd7 15. a5
Qc7 16. Qc2 Ba6 17. Bh3 c5 18. Bxe6+ Kh8 19. d5 c3 20. bxc3 b3 21. Qd2 Bd6 22.
Rf2 Rfe8 23. Ng5 g6 24. Nf7+ Kg7 25. f5 Ne5 1-0